[Event "Invitation"]
[Site "http://www.queenalice.com/game.php?id=110538"]
[Date "2006.9.27"]
[Round "-"]
[White "lokimunch953"]
[Black "Burianski"]
[Result "0-1"]
[WhiteElo "1100"]
[BlackElo "1324"]

1. d4 Nc6 2. e3 e5 3. c4 Bb4+ 4. Ke2 Nf6 5. Nh3 d5 6. f4 Na5 7. Bd2 Nc6 8. Ng5
Bg4+ 9. Nf3 Ne4 10. Be1 Qd6 11. Qa4 O-O 12. h3 Bxf3+ 13. gxf3 Nf6 14. h4 dxc4
15. Kf2 e4 16. Bxc4 a6 17. Bd2 b5 18. Bxb4 Nxb4 19. Qb3 Nd3+ 20. Ke2 bxc4 21.
Qxc4 Nxb2 22. Nc3 Nxc4 23. Rhg1 Qc6 24. a4 exf3+ 25. Kf2 Rfe8 26. e4 Nxe4+ 27.
Nxe4 Qxe4 28. Kg3 Qe2 29. Rac1 Re4 30. Rxc4 Qxc4 31. Kxf3 Rxd4 32. Re1 Qb3+ 33.
Re3 Rd3 34. Kf2 Rxe3 35. Kf1 Rd8 0-1

[Event "Challenge"]
[Site "http://www.queenalice.com/game.php?id=114862"]
[Date "2006.10.8"]
[Round "-"]
[White "lokimunch953"]
[Black "Burianski"]
[Result "0-1"]
[WhiteElo "1012"]
[BlackElo "1343"]

1. e4 Nf6 2. Nc3 e5 3. d3 Bb4 4. Be2 d5 5. exd5 Nxd5 6. Bd2 Nf6 7. Bf4 Qd4 8.
Nf3 Qd5 9. a3 Bxc3+ 10. bxc3 exf4 11. Qb1 Qa5 12. Qb3 Be6 13. Qb2 Nd5 14. Ng5
Nxc3 15. Bf3 Na4+ 16. Kd1 Nc3+ 17. Kc1 Nc6 18. Bxc6+ bxc6 19. Ne4 Na4 20. g3
Nxb2 21. c3 Nxd3+ 22. Kc2 Bc4 23. Kd2 Rd8 24. Rab1 O-O 25. gxf4 Rfe8 26. f3 Rb8
27. Rbc1 Rb5 28. Ke2 Nxf4+ 29. Kf2 Nd3+ 30. Kg2 Nxc1 31. Rxc1 f5 32. Nf2 Re2 33.
Rc2 Rb3 34. Rxe2 Bxe2 35. Kg3 Qxa3 36. Kh3 Rxc3 0-1

[Event "Hood vs. Stallis"]
[Site "http://www.queenalice.com/game.php?id=405272"]
[Date "2008.5.19"]
[Round "-"]
[White "lokimunch953"]
[Black "Burianski"]
[Result "0-1"]
[WhiteElo "989"]
[BlackElo "1362"]

1. e3 e5 2. c4 c6 3. g4 Nf6 4. g5 Ne4 5. f3 Nc5 6. b4 Ne6 7. Nh3 Nxg5 8. Nxg5
Qxg5 9. h3 Bxb4 10. Qa4 Bc5 11. Nc3 Qg3+ 12. Ke2 Na6 13. Ne4 Qh4 14. Bb2 d6 15.
Rg1 Be6 16. d3 Rb8 17. d4 b5 18. Qxa6 Bb4 19. Bc3 Ba3 20. Rb1 b4 21. Bd2 O-O 22.
Bc1 Bxc1 23. Rxc1 d5 24. Qa3 dxe4 25. Qxb4 Rxb4 26. dxe5 Bxc4+ 27. Kd2 Qf2+ 28.
Kd1 Qxg1 29. Kd2 Qf2+ 30. Kd1 Bxf1 31. Rc2 Qxf3+ 32. Kc1 Qxe3+ 33. Kd1 Rd8+ 34.
Rd2 Rxd2+ 35. Kc1 Qc3# 0-1

[Event "Hood vs. Stallis II"]
[Site "http://www.queenalice.com/game.php?id=412017"]
[Date "2008.6.2"]
[Round "-"]
[White "Burianski"]
[Black "lokimunch953"]
[Result "1-0"]
[WhiteElo "1369"]
[BlackElo "982"]

1. e4 Nc6 2. Nc3 e5 3. Nf3 h5 4. d4 Nf6 5. Bg5 exd4 6. Nxd4 b6 7. Nd5 Nxd4 8.
Qxd4 Be7 9. Bc4 c5 10. Qe5 Nxd5 11. Bxd5 Rb8 12. Qf5 Kf8 13. Qxf7# 1-0

[Event "Hood vs. Stallis III"]
[Site "http://www.queenalice.com/game.php?id=414101"]
[Date "2008.6.6"]
[Round "-"]
[White "lokimunch953"]
[Black "Burianski"]
[Result "0-1"]
[WhiteElo "980"]
[BlackElo "1373"]

1. d4 Nc6 2. c3 e5 3. e4 Nf6 4. Bd3 d5 5. b4 Bg4 6. f3 Be6 7. dxe5 Nxe5 8. Nh3
d4 9. Be3 dxc3 10. Nxc3 Bxb4 11. Bd2 Nxd3+ 12. Kf1 Bc5 13. Qe2 Nh5 14. g4 Nf6
15. Rb1 b6 16. Nf2 Bxf2 17. Qxf2 Nxf2 18. Kxf2 Qxd2+ 19. Ne2 Bc4 20. Rbd1 Qg5
21. Rhg1 Qb5 22. Rc1 Bxe2 23. Rb1 Qc5+ 24. Kg2 O-O-O 25. Kg3 Rd3 26. Rg2 Bxf3
27. Kh3 Bxe4+ 28. Rg3 Rf3 29. Re1 Qe7 30. Rxf3 Qe6 31. Rg3 Qxa2 32. Kh4 Qxh2+
33. Rh3 Qf2+ 34. Rg3 Qxe1 35. g5 Qh1+ 36. Rh3 Qf1 37. gxf6 Qf2+ 38. Kh5 g6+ 39.
Kg5 Qg2+ 40. Rg3 Qxg3+ 41. Kh6 Re8 42. Kg7 Re6 43. Kg8 Rxf6 44. Kg7 Qh4 45. Kf8
Kd8 46. Kg8 h5 47. Kg7 Qg5 48. Kh7 Re6 49. Kg7 Re8 50. Kxf7 Re7+ 51. Kf8 Qf6+
52. Kg8 Bd5# 0-1

[Event "Hood vs. Stallis IV"]
[Site "http://www.queenalice.com/game.php?id=419773"]
[Date "2008.6.18"]
[Round "-"]
[White "lokimunch953"]
[Black "Burianski"]
[Result "0-1"]
[WhiteElo "979"]
[BlackElo "1394"]

1. d4 Nc6 2. c3 e5 3. Nf3 Bd6 4. e3 Nf6 5. b3 exd4 6. Ba3 Bxa3 7. Nxa3 Qe7 8.
cxd4 Qxa3 9. Qc2 Qb4+ 10. Kd1 d5 11. a3 Qd6 12. h3 Ne4 13. b4 Bf5 14. Nh4 Be6
15. f3 Ng3 16. Bb5 Nxh1 17. f4 Bg4+ 18. hxg4 Qe6 19. Qe2 Ng3 20. Qf2 Ne4 21. Ke1
Nxf2 22. Kxf2 Qf6 23. Nf3 Qh6 24. Rg1 a6 25. Ba4 b5 26. Bb3 Qg6 27. a4 Nxb4 28.
Rd1 Nd3+ 29. Ke2 Nb2 30. Rd2 Qb1 31. Bd1 Nxa4 32. Kf2 Nc3 33. Be2 O-O 34. Kg3
Nxe2+ 35. Rxe2 Rfe8 36. Kh3 Qh1+ 37. Nh2 Qd1 38. Rf2 Rxe3+ 39. Kh4 Qe1 40. Nf1
Qxf2+ 41. g3 Qxf1 42. Kg5 Rxg3 43. f5 f6+ 44. Kh5 Re8 45. g5 Qh1# 0-1

[Event "Hood vs. Stallis V"]
[Site "http://www.queenalice.com/game.php?id=429569"]
[Date "2008.7.8"]
[Round "-"]
[White "lokimunch953"]
[Black "Burianski"]
[Result "0-1"]
[WhiteElo "979"]
[BlackElo "1382"]

1. Nc3 e5 2. e3 d5 3. Bb5+ Nc6 4. e4 dxe4 5. Nxe4 Qd5 6. Nd6+ Qxd6 7. c3 Qd5 8.
Be2 Nf6 9. d3 e4 10. d4 Bf5 11. Nh3 e3 12. fxe3 Be4 13. Rg1 Bd6 14. Nf4 Qg5 15.
Nh3 Qh4+ 16. g3 Qxh3 17. Bf1 Qxh2 18. Rg2 Bxg2 19. Qe2 Bxg3+ 20. Kd2 Bxf1 21.
Qxh2 Bxh2 22. Kc2 Na5 23. b3 O-O-O 24. Ba3 Bg2 25. Re1 Be4+ 26. Kd2 Bg3 27. Re2
Bf3 28. Kd3 Bxe2+ 29. Kxe2 Rhe8 30. c4 Re4 31. Kf3 Bd6 32. Ke2 Bxa3 33. Kd2 Bb4+
34. Kc2 Rxe3 35. Kb2 Rxd4 36. a3 Bc3+ 37. Ka2 Rd2+ 38. Kb1 Re1# 0-1

[Event "Hood vs. Stallis VI"]
[Site "http://www.queenalice.com/game.php?id=447493"]
[Date "2008.8.12"]
[Round "-"]
[White "lokimunch953"]
[Black "Burianski"]
[Result "0-1"]
[WhiteElo "979"]
[BlackElo "1384"]

1. e4 Nf6 2. Nc3 d5 3. b3 Bg4 4. f3 Bd7 5. Ba3 e5 6. Bb2 Bc5 7. Nge2 Nc6 8. Na4
Bb4 9. c3 Bd6 10. Ng3 dxe4 11. Bd3 exd3 12. c4 Nd4 13. c5 Be7 14. Ba3 Nb5 15.
Bb4 Nd5 16. f4 Nxb4 17. fxe5 Nc2+ 18. Kf1 Nxa1 19. Qxa1 Bg5 20. Qd1 Qe7 21. Qf3
Bxd2 22. Qd1 Qg5 23. Ne4 Qf4+ 24. Kg1 Be3+ 25. Nf2 Bxf2+ 26. Kf1 Be3+ 27. Ke1
Qf2# 0-1

[Event "Hood vs. Stallis VII"]
[Site "http://www.queenalice.com/game.php?id=458654"]
[Date "2008.9.5"]
[Round "-"]
[White "lokimunch953"]
[Black "Burianski"]
[Result "0-1"]
[WhiteElo "979"]
[BlackElo "1384"]

1. e3 e5 2. e4 d5 3. Bb5+ c6 4. Be2 dxe4 5. Nc3 Nf6 6. d3 Qd4 7. Bg5 Nbd7 8. Nf3
Qb4 9. dxe4 Nxe4 10. Be3 Nxc3 11. Qd3 Nxe2+ 12. Kxe2 Qxb2 13. Qd2 Qb5+ 14. Ke1
Bb4 15. c3 Ba5 16. h4 Qc4 17. Rc1 Nb6 18. Nxe5 Qd5 19. Qxd5 Nxd5 20. Rd1 Nxc3
21. Ra1 Nxa2+ 22. Bd2 Bxd2+ 23. Kxd2 Nb4 24. Rh3 Bxh3 25. gxh3 Rd8+ 26. Ke1 Nc2+
27. Kf1 Nxa1 28. Nf3 Rd1+ 29. Kg2 O-O 30. h5 Nc2 31. Kh2 Ne1 32. Nxe1 Rxe1 33.
Kg2 Rfe8 34. h6 R8e2 35. hxg7 Kxg7 36. h4 Kg6 37. h5+ Kxh5 38. Kg3 Rg1+ 39. Kf3
Ree1 40. Kf4 Ref1 41. Ke5 Rxf2 42. Kd6 Re1 43. Kc7 Rd2 44. Kxb7 Re7+ 45. Kxc6
Re6+ 46. Kb7 Rb2+ 47. Kxa7 Re1 48. Ka6 Ra1# 0-1

[Event "Hood vs. Stallis VIII"]
[Site "http://www.queenalice.com/game.php?id=476853"]
[Date "2008.10.13"]
[Round "-"]
[White "lokimunch953"]
[Black "Burianski"]
[Result "0-1"]
[WhiteElo "979"]
[BlackElo "1383"]

1. d4 Nc6 2. e3 e5 3. Bb5 d6 4. c3 Qg5 5. g3 Bd7 6. Qb3 Na5 7. Qa3 Nc4 8. Qb3
Nb6 9. Qb4 c6 10. Be2 d5 11. Qa5 exd4 12. cxd4 Bf5 13. Nd2 Qg6 14. Ngf3 Be4 15.
Nh4 Qf6 16. Ng2 Bxg2 17. Rg1 Be4 18. Nf1 Qd6 19. Nd2 Qb4 20. Qxb4 Bxb4 21. f3
Bf5 22. Kf1 Bh3+ 23. Ke1 Nc4 24. Kf2 Nxd2 25. Bxd2 Bxd2 26. f4 Ne7 27. Rad1 Bb4
28. a3 Ba5 29. b4 Bc7 30. Rc1 Nf5 31. Bd3 Nd6 32. Rc3 Bf5 33. Be2 Ne4+ 34. Kf1
Nxc3 35. Bf3 Bd3+ 36. Kf2 c5 37. Kg2 cxb4 38. axb4 Bd6 39. Rc1 Bxb4 40. Re1 Be4
41. Bxe4 Nxe4 42. Rf1 O-O 43. h3 Rac8 44. f5 Nd2 45. Rf2 Rc1 46. e4 Nxe4 47. Rf1
Rc2+ 48. Rf2 Rxf2+ 0-1

[Event "Hood vs. Stallis IX"]
[Site "http://www.queenalice.com/game.php?id=496892"]
[Date "2008.11.22"]
[Round "-"]
[White "lokimunch953"]
[Black "Burianski"]
[Result "0-1"]
[WhiteElo "979"]
[BlackElo "1405"]

1. e4 Nf6 2. d3 d5 3. Nc3 Bg4 4. f3 Bd7 5. exd5 c6 6. dxc6 Bxc6 7. b3 e6 8. g3
Bb4 9. Qd2 Qa5 10. Bb2 Nd5 11. Qg5 Bxc3+ 12. Kf2 Bxb2 13. Ne2 Bxa1 14. Qd8+ Kxd8
15. a4 Nc3 16. Nd4 Bd5 17. Kg1 Nc6 18. Ne2 Nxe2+ 19. Bxe2 Qe1+ 20. Kg2 Qc3 21.
Rf1 Qe5 22. c4 Qxe2+ 23. Rf2 Qxd3 24. cxd5 Qxd5 25. g4 Qxb3 26. Rd2+ Bd4 27. Re2
Qxa4 28. h3 Ne7 29. Kg3 Be5+ 30. f4 Bc3 31. Re3 Qd4 32. Rf3 Be1+ 33. Kh2 Rc8 34.
Kg2 Rc1 35. Rf1 Qd2+ 36. Kg1 Kd7 37. f5 exf5 38. gxf5 Nxf5 39. h4 Ng3 40. Rxe1
Rxe1# 0-1

[Event "Invitation"]
[Site "http://www.queenalice.com/game.php?id=589524"]
[Date "2009.5.17"]
[Round "-"]
[White "lokimunch953"]
[Black "Burianski"]
[Result "0-1"]
[WhiteElo "979"]
[BlackElo "1439"]

1. g4 Nf6 2. f3 e5 3. c4 d5 4. Qa4+ Bd7 5. Qb3 Na6 6. Nh3 Nc5 7. Qd1 Nxg4 8.
fxg4 Qh4+ 9. Nf2 Ne4 10. d3 Nxf2 11. Qd2 Nxh1+ 12. Kd1 Nf2+ 13. Kc2 Nxg4 14. Nc3
d4 15. Nd5 Bc6 16. Nxc7+ Kd8 17. Nxa8 Ne3+ 18. Kb3 Nxf1 19. Qd1 Nxh2 20. Bd2 Bd6
21. a4 Kd7 22. Qg1 g6 23. Ba5 Rxa8 24. Re1 b6 25. Bd2 a6 26. e3 Nf3 27. Qf1 Nxe1
28. Bxe1 Qg4 29. Bb4 Qf5 30. Qd1 dxe3 31. d4 b5 32. c5 Bd5+ 33. Ka3 Be7 34. b3
Qe4 35. axb5 axb5+ 36. Kb2 Qxd4+ 37. Qxd4 exd4 38. c6+ Bxc6 39. Be1 Ba3+ 40. Kc2
Be4+ 41. Kd1 Bd3 42. Bb4 Bxb4 43. Kc1 Rc8+ 44. Kd1 e2# 0-1

[Event "Invitation"]
[Site "http://www.queenalice.com/game.php?id=608307"]
[Date "2009.6.24"]
[Round "-"]
[White "lokimunch953"]
[Black "Burianski"]
[Result "0-1"]
[WhiteElo "979"]
[BlackElo "1474"]

1. Nf3 Nc6 2. e4 e5 3. Bc4 Nf6 4. Nc3 Bc5 5. Na4 Qe7 6. c3 Nxe4 7. O-O Na5 8. b3
d6 9. Bb5+ c6 10. Bd3 d5 11. b4 Bxb4 12. cxb4 Qxb4 13. Nb2 Nc4 14. Nxc4 dxc4 15.
Bxe4 g6 16. Nxe5 O-O 17. Nd3 cxd3 18. a3 Qxe4 19. Bb2 Bg4 20. f3 Bxf3 21. Rxf3
Qd5 22. Rc1 Rfe8 23. Bc3 Re2 24. Rb1 Rae8 25. Rxb7 Re1+ 26. Rf1 R1e2 27. Rf2 Qh5
28. Rd7 Re1+ 29. Qxe1 Rxe1+ 30. Rf1 Rxf1+ 31. Kxf1 Qf5+ 32. Kg1 Qxd7 33. a4 c5
34. a5 a6 35. Be5 Qe6 36. Bf4 Qe1# 0-1

[Event "Invitation"]
[Site "http://www.queenalice.com/game.php?id=622485"]
[Date "2009.7.21"]
[Round "-"]
[White "lokimunch953"]
[Black "Burianski"]
[Result "0-1"]
[WhiteElo "979"]
[BlackElo "1458"]

1. d4 Nc6 2. e3 e5 3. Nf3 Qe7 4. Bc4 Qb4+ 5. Nbd2 d6 6. a3 Qa4 7. b3 Qa5 8. b4
Qb6 9. Nb3 exd4 10. exd4 Be6 11. Nfd2 Nxd4 12. Na5 Bxc4 13. Ndxc4 Qb5 14. Qe2+
Nxe2 15. Kxe2 d5 16. Kd3 dxc4+ 17. Kc3 Qe5+ 18. Kd2 Qxa1 19. Nxc4 Qd4+ 20. Ke2
Qxc4+ 21. Ke1 Qxc2 0-1

[Event "Invitation"]
[Site "http://www.queenalice.com/game.php?id=645144"]
[Date "2009.8.31"]
[Round "-"]
[White "lokimunch953"]
[Black "Burianski"]
[Result "0-1"]
[WhiteElo "979"]
[BlackElo "1480"]

1. d4 Nc6 2. Be3 e5 3. c3 d5 4. Nf3 exd4 5. cxd4 Bb4+ 6. Nbd2 Nf6 7. a3 Ba5 8.
b4 Nxb4 9. axb4 Bxb4 10. Bg5 h6 11. Bf4 Ne4 12. Qc2 Bc3 13. g3 Bxa1 14. Qc1 Bc3
15. Qxc3 Nxc3 16. e3 g5 17. Be5 Qd7 18. Bxh8 Qa4 0-1

[Event "Invitation"]
[Site "http://www.queenalice.com/game.php?id=657569"]
[Date "2009.9.24"]
[Round "-"]
[White "lokimunch953"]
[Black "Burianski"]
[Result "0-1"]
[WhiteElo "979"]
[BlackElo "1464"]

1. e4 Nf6 2. d3 d5 3. c4 Bg4 4. f3 Be6 5. Nc3 Nc6 6. Qa4 dxc4 7. Kd2 Qd4 8. Nge2
Qxd3+ 9. Ke1 a6 10. b3 b5 11. Qa3 b4 12. Qa4 Bd7 13. g4 Nd4 14. Qxb4 Nxe2 15.
Nxe2 e5 16. Qb7 Rd8 17. Qxc7 Bb5 18. a4 Qd1+ 19. Kf2 Rd7 20. Qc8+ Rd8 21. Qf5
Bc5+ 22. Be3 Qxa1 23. Qxe5+ Qxe5 24. axb5 Bxe3+ 25. Kg2 Nxg4 26. f4 Qxe4+ 27.
Kh3 Qxh1 28. Ng3 Qf3 29. bxc4 Bf2 30. Bg2 Qxf4 31. Bc6+ Ke7 32. Be4 h5 33. Kg2
h4 34. Bf3 h3+ 35. Kf1 Rd1+ 36. Ke2 Qd2# 0-1

[Event "Challenge"]
[Site "http://www.queenalice.com/game.php?id=1031791"]
[Date "2012.2.21"]
[Round "-"]
[White "lokimunch953"]
[Black "Burianski"]
[Result "0-1"]
[WhiteElo "979"]
[BlackElo "1570"]

1. d4 d5 2. e3 Nc6 3. Nc3 e5 4. f4 exd4 5. Nce2 dxe3 6. Bxe3 Bb4+ 7. c3 Be7 8.
g3 Nf6 9. Qd3 a6 10. Nh3 Qd7 11. a3 Qf5 12. Qd2 Qe4 13. Rg1 Ng4 14. Bg2 Qxe3 15.
Qxe3 Nxe3 16. Bf3 Nc2+ 17. Kd2 Nxa1 18. Rxa1 Bxh3 19. Ke1 O-O-O 20. Ng1 Bf5 21.
Rd1 Rhe8 22. h3 Bc5+ 23. Kf1 Bc2 24. Rd2 Bf5 25. b4 Be3 26. g4 Bxd2 27. Kf2 Be1+
28. Kg2 Bd3 29. Kh2 Bf2 30. Bg2 Re1 31. Nf3 Re2 32. Kh1 Be4 33. Ng1 Bxg2+ 34.
Kh2 Bxg1+ 35. Kxg1 Rde8 36. b5 axb5 37. f5 R8e3 38. c4 Rxa3 39. cxd5 Bf3 40.
dxc6 Ra1# 0-1

[Event "Invitation"]
[Site "http://www.queenalice.com/game.php?id=1046235"]
[Date "2012.4.5"]
[Round "-"]
[White "lokimunch953"]
[Black "Burianski"]
[Result "0-1"]
[WhiteElo "979"]
[BlackElo "1534"]

1. b4 e6 2. a3 d5 3. Nf3 Qf6 4. c3 e5 5. d4 Bd6 6. g3 Nc6 7. Nfd2 exd4 8. Qa4
dxc3 9. Nf3 Bd7 10. Ra2 Nd4 11. Qb3 Nxb3 12. Rc2 Nxc1 13. Rxc1 Qe6 14. Nxc3 Nf6
15. Rd1 Be5 16. Nb1 Ba4 17. Rd3 Rd8 18. Re3 Ng4 19. Rxe5 Nxe5 20. Ng5 Qg6 21. f4
Qxb1+ 22. Kf2 f6 23. Bg2 Qb2 24. Re1 Ng4+ 25. Kg1 fxg5 26. h3 Qd2 27. Kf1 Nh2+
28. Kg1 Qxe1+ 29. Kxh2 Qxe2 30. fxg5 d4 31. h4 Bc6 32. Kh3 Qxg2+ 33. Kg4 Qf3+
34. Kh3 Bd7+ 35. Kh2 Qf2+ 36. Kh1 Bh3 37. g4 Qg2# 0-1

[Event "Invitation"]
[Site "http://www.queenalice.com/game.php?id=1066818"]
[Date "2012.6.1"]
[Round "-"]
[White "lokimunch953"]
[Black "Burianski"]
[Result "0-1"]
[WhiteElo "979"]
[BlackElo "1549"]

1. d4 d5 2. g3 Nc6 3. Nc3 e5 4. e3 Qe7 5. f4 exd4 6. Nce2 dxe3 7. h4 Qe4 8. Rh2
Nf6 9. Qd3 Ng4 10. Bh3 Nxh2 11. Qxe4+ dxe4 12. Bxe3 Bxh3 13. Nxh3 Ng4 14. Bd2
Bb4 15. c3 Bc5 16. b4 Be3 17. Bxe3 Nxe3 18. Kd2 Nc4+ 19. Kc2 Rd8 20. Rd1 Rxd1
21. Kxd1 Ke7 22. Nf2 e3 23. Nd3 Rd8 24. Nc1 a5 25. b5 Na7 26. Kc2 Nxb5 27. Kb3
Nd2+ 28. Kc2 Na3+ 29. Kb2 Rd6 30. Kxa3 b5 31. Kb2 Rb6 32. f5 b4 33. g4 bxc3+ 34.
Kxc3 Rc6+ 35. Kb2 Rc4 36. a3 Rxg4 37. h5 Rg2 38. f6+ Kxf6 39. Nc5 e2 40. Nxe2
Rxe2 41. Nb7 Re5 42. Nd8 Rxh5 43. Nc6 a4 44. Nd4 g5 45. Ne2 g4 46. Kc2 Nf3 47.
Kd3 Rh3 48. Nc3 Ne1+ 49. Kd2 Nd3 50. Nxa4 Nf2 51. Nb2 Rxa3 52. Kc2 g3 53. Kd2 g2
54. Nd1 g1=Q 55. Nxf2 Qxf2+ 56. Kc1 Ra1# 0-1

[Event "Invitation"]
[Site "http://www.queenalice.com/game.php?id=1066819"]
[Date "2012.6.1"]
[Round "-"]
[White "lokimunch953"]
[Black "Burianski"]
[Result "0-1"]
[WhiteElo "979"]
[BlackElo "1525"]

1. g4 d5 2. Bh3 Nh6 3. Nc3 Nxg4 4. f3 Ne5 5. Nb5 Bd7 6. Bxd7+ Qxd7 7. Nd4 c5 8.
Nb3 c4 9. Nc5 Qb5 10. b4 Qxb4 11. e4 Qxc5 12. f4 Qd4 13. c3 Qxe4+ 14. Ne2 Qxh1+
15. Ng1 Qxg1+ 16. Ke2 Qxh2+ 17. Ke3 Nd3 18. Qc2 Qf2# 0-1

[Event "Invitation"]
[Site "http://www.queenalice.com/game.php?id=1100326"]
[Date "2012.9.6"]
[Round "-"]
[White "lokimunch953"]
[Black "Burianski"]
[Result "0-1"]
[WhiteElo "979"]
[BlackElo "1547"]

1. d4 d5 2. e3 Nf6 3. Nc3 Nc6 4. b3 e5 5. Nf3 e4 6. Nd2 Bg4 7. f3 exf3 8. h3 Bh5
9. Nb5 fxg2 10. Nf3 gxh1=Q 11. Ke2 Qxf3+ 12. Ke1 Qxd1+ 13. Kf2 Qxc2+ 14. Bd2
Qxd2+ 15. Kg3 Qxe3+ 16. Kg2 Qf3+ 17. Kh2 Ne4 18. Bg2 Qg3+ 19. Kh1 Qdg5 20. Rf1
Qxg2# 0-1